| 000 | 00621nam a22002177a 4500 | ||
|---|---|---|---|
| 003 | BD-DhJNU | ||
| 005 | 20250603080733.0 | ||
| 008 | 250603b |||||||| |||| 00| 0 eng d | ||
| 020 | _a0256066671 | ||
| 040 |
_aBD-DhJNU _bENG _cBD-DhJNU _dBD-DhJNU |
||
| 082 |
_223 _a158.7 |
||
| 100 | _aOrgan, Dennis W. | ||
| 245 |
_aOrganizational Behavior / _cDennis W. Organ and Thomas S. Bateman |
||
| 250 | _a4th ed. | ||
| 260 |
_aHomewood : _bIRWIN, _c1991. |
||
| 300 |
_axviii, 685 p. : _bill. ; _c25 cm. |
||
| 504 | _aincludes index | ||
| 650 | _aOrganizational behavior | ||
| 700 | _aBateman, Thomas S. | ||
| 942 |
_2ddc _cBK _n0 |
||
| 999 |
_c1762 _d1762 |
||